000 01279nam a2200349 i 4500
005 20220317000320.0
007 ta
008 210823r20122021ck 0 sj 0 s fdspa d
020 _a9789588611952
040 _aCO-BoRNBP
_bspa
_erda
_cCO-BoRNBP
041 0 _aspa
084 _aN BRA2
100 1 _aBradbury, Ray Douglas
_d1920-2012
_eautor
245 1 0 _aFahrenheit 451
_cRay Bradbury ; traducción Alfredo Crespo
250 _aPrimera edición
_bDécima sexta reimpresión, Décima octava reimpresión
264 1 _aBogotá
_bPenguin Random House
_bDebolsillo
_c2012
_c2020
_c2021
300 _a180 páginas
_c20 cm
336 _atexto
_btxt
_2rdacontent
337 _asin mediación
_bn
_2rdamedia
338 _avolumen
_bnc
_2rdacarrier
490 _aContemporánea
521 _aRecomendado para un público mayor de 15 años
545 _aIncluye datos biográficos del autor al inicio del texto
650 1 7 _aNovela estadounidense
_ySiglo XX
_2LEMB
650 1 7 _aLiteratura estadounidense
_ySiglo XX
_2LEMB
650 1 7 _aAutores estadounidenses
_ySiglo XX
_2LEMB
650 1 7 _aAutoritarismo
_yNovela
_2LEMB
650 1 7 _aLibros y lectura
_yNovela
_2LEMB
650 1 7 _aCiencia ficción
_yNovela
_2LEMB
700 1 _aCrespo, Alfredo
_etraductor
_9183428
942 _2loc
_cBKLIT
999 _c3700
_d3700